[Event "EU-Cup 19th"]
[Site "Rethymno"]
[Date "2003.10.04"]
[Round "7.1"]
[White "Ivanchuk, Vassily"]
[Black "Kasparov, Garry"]
[Result "1/2-1/2"]
[WhiteElo "2710"]
[BlackElo "2830"]
[Annotator "Postny,E"]
[PlyCount "83"]
[EventDate "2003.09.28"]
[EventType "team-swiss"]
[EventRounds "7"]
[EventCountry "GRE"]
[SourceTitle "CBM 098"]
[Source "ChessBase"]
[SourceDate "2004.02.03"]
[SourceVersion "1"]
[SourceVersionDate "2004.02.03"]
[SourceQuality "1"]
[WhiteTeam "Warsaw Polonia"]
[BlackTeam "Kazan Ladya"]
[WhiteTeamCountry "POL"]
[BlackTeamCountry "RUS"]

1. d4 Nf6 2. c4 e6 3. Nc3 Bb4 4. Qc2 O-O 5. a3 Bxc3+ 6. Qxc3 b6 7. Bg5 Bb7 8.
e3 d6 9. Ne2 {This line became fashionable lately.} Nbd7 10. Qd3 (10. Qc2 {
- see the annotated game Kacheishvili,G-Polgar,J/Batumi 1999/CBM 74 [Golod,V]})
({The following game was played in the same tournament:} 10. Qd2 h6 11. Bh4 Ne4
12. Bxd8 Nxd2 13. Bxc7 Nxc4 14. Nc3 Rfc8 15. Nb5 Ba6 16. Bxc4 Bxb5 17. Bxb5
Rxc7 $11 {1/2-1/2 Kacheishvili,G-Almasi,Z/Rethymnon 2003 (23)}) 10... Ba6 {
A concrete approach. Black is trying to make the immediate use of white's last
move.} (10... h6 11. Bh4 c5 (11... Re8 12. Nc3 a5 13. Be2 d5 14. cxd5 exd5 15.
Qc2 c6 16. Bd3 Ba6 17. Bf5 Ra7 18. O-O-O b5 $13 {1/2-1/2 Van Wely,L-Zoler,D/
Rethymnon 2003 (40)}) 12. Nc3 Qe7 13. Rd1 (13. Be2 cxd4 14. Qxd4 e5 15. Qd1
Bxg2 16. Rg1 Bc6 $15 {1/2-1/2 Bareev,E-Karpov,A/Cap d'Agde 2002/CBM 92 no vc 
(64)}) 13... Rfd8 14. Be2 (14. d5 Ne5 15. Qc2 Ng6 16. Bg3 exd5 17. cxd5 Nh5 18.
Be2 Nxg3 19. hxg3 a6 20. a4 $14 {1-0 Gurevich,M-Gelashvili,T/Izmir 2003 (54)})
14... cxd4 15. Qxd4 Nc5 16. Bxf6 Qxf6 17. Qxf6 gxf6 18. Nb5 (18. Rd4 Nb3 19.
Rh4 Kg7 20. Kd1 d5 21. Kc2 Na5 22. cxd5 Bxd5 23. Nxd5 Rxd5 24. Rd1 Rc8+ 25. Kb1
{+/=/= 1/2-1/2 Bareev,E-Leko,P/Monte Carlo 2003 (79)}) 18... d5 19. cxd5 Bxd5
20. Nc7 Bb3 21. Nxa8 Bxd1 22. Bxd1 Rxa8 23. Bc2 {+/=/= 1/2-1/2 Bareev,E-Karpov,
A/GMA, Wijk aan Zee NED 2003 (60)}) ({Possible is the immediate} 10... c5 {
- see the game Gurevich,M-Mchedlishvili,M/Istanbul 2003/CBM 96 [Gurevich,M]})
11. Nc3 $146 {This novelty does not yield white an opening advantage.} ({
Just a few rounds before Kasparov as white played against Grischuk:} 11. b4 c5
12. b5 Bb7 13. Nc3 a6 14. f3 h6 15. Bh4 Qe7 16. Be2 cxd4 17. Qxd4 e5 18. Qd1 {
and eventually won in a tough battle.}) 11... d5 12. Qc2 (12. b3 c5 $132) 12...
Bxc4 13. Bxc4 dxc4 14. Qa4 h6 15. Bh4 c5 {Black has solved his opening
problems, but white still can hope to make use of the pin along the h4-d8
diagonal.} 16. Qxc4 cxd4 17. Qxd4 Nc5 {Forcing white to simplify the position.}
({Possible alternative is} 17... Qc7) 18. Bxf6 Qxf6 19. Qxf6 gxf6 20. O-O-O
Rfc8 {[%cal Gc5e4] Possible was 20...Rfd8, but Kasparov as usual tries to play
more dinamically even in such a boring positions.} 21. Kb1 f5 22. Rd4 Nb3 23.
Rd3 Nc5 24. Rd4 Nb3 {Draw?} 25. Rh4 {Ivanchuk avoids the three throw
repetition.} Kg7 26. Ka2 Nc5 27. Rd1 a6 {Covering the b5 square against
white's possible knight jump.} (27... Rd8 $6 28. Rhd4) 28. Rhd4 (28. g4 $6 f4
$1 29. exf4 Rd8 {[%csl Yh4] and black is getting strong counterplay along the
"d" file.}) 28... b5 29. g4 $1 (29. b4 Ne4 30. Nxe4 fxe4 31. Kb2 f5 $11) 29...
fxg4 (29... e5 $6 30. Rd5 fxg4 31. Rxe5 $14) 30. Rxg4+ Kf8 31. Rh4 Ke7 $1 32.
Rdd4 (32. Rxh6 Rd8 33. Rh4 Rxd1 34. Nxd1 Rd8 35. Rd4 Rh8 36. h4 e5 37. Rd5 Nd7
$11 {[%csl Rh4]}) 32... Rg8 33. Rxh6 (33. b4 Nb7 $5 34. Rxh6 Nd6 35. Rh5 Rg2
$44) 33... Rg2 {The activity of black's pieces compensates the lack of pawn.}
34. f4 Rd8 35. f5 (35. Rxd8 Kxd8 36. f5 Nd3 $11) 35... Rxd4 36. exd4 Nd3 37.
fxe6 fxe6 38. d5 {Numerous pawns exchanges leads to inevitable draw.} Rxb2+ 39.
Ka1 exd5 40. Nxd5+ Kd7 41. Nf4 Rd2 42. Nxd3 1/2-1/2

[Event "Samba Cup 1st"]
[Site "Skanderborg"]
[Date "2003.10.14"]
[Round "5"]
[White "Ivanchuk, Vassily"]
[Black "Nielsen, Peter Heine"]
[Result "1-0"]
[WhiteElo "2710"]
[BlackElo "2626"]
[Annotator "Ribli,Z"]
[PlyCount "79"]
[EventDate "2003.10.10"]
[EventType "tourn"]
[EventRounds "9"]
[EventCountry "DEN"]
[EventCategory "16"]
[SourceTitle "CBM 098"]
[Source "ChessBase"]
[SourceDate "2004.02.03"]
[SourceVersion "1"]
[SourceVersionDate "2004.02.03"]
[SourceQuality "1"]

1. c4 Nf6 2. Nc3 e6 3. e4 {Die sogenannte Mikenas Variante - die schärfste
Variante der englischen Eröffnung. In der englische Eroeffnung bekommen wir
gewöhnlich geschlossene Stellungen, aber hier nicht - in folgendem sehen wir
ein halboffenes Spiel.} d5 {Die Alternative 3...c5 wird heutzutage weniger
gespielt.} 4. e5 d4 5. exf6 dxc3 6. bxc3 Qxf6 7. Nf3 e5 8. d4 {Zurück zum
klassischem Spiel! Ein Paar Jahre frueher war die Variante ohne d2-d4 (8.Bd3)
populär.} exd4 9. Bg5 Qe6+ 10. Be2 Be7 (10... f6 11. Nxd4 Qf7 12. Bf4 $13 (12.
Bh4 $13)) 11. cxd4 Bxg5 12. Nxg5 Qe7 13. Qd2 Nc6 (13... h6 14. Nf3 O-O 15. O-O
c5 (15... Bg4 $6 16. Rab1 $1 b6 17. h3 Bh5 18. Rb5 Bxf3 19. Bxf3 c6 20. Rbb1
Qd6 21. Rfd1 {1-0 Har Zvi,R-Liss,E/Rishon Le Ziyyon 1991/EXT 99 (41)}) 16. d5
Qd6 17. Rfe1 $14 {1-0 Timman,J-Naiditsch,A/Dortmund 2002/CBM 91/[Ribli] (53)})
(13... O-O 14. O-O Nd7 15. Rfe1 Nf6 16. Bd3 $14) 14. d5 (14. O-O Nxd4 15. Bh5
Be6 16. Nxf7 Bxf7 17. Bxf7+ Kxf7 18. Qxd4 Rhd8 $11) 14... Ne5 (14... Nd4 15.
Qxd4 Qxg5 16. O-O O-O 17. Bf3 a5 18. Rfe1 Ra6 19. Re5 Qd8 20. Rae1 Rf6 21. Qe3
$16 {1-0 Gulko,B-Pliester,L/Aruba 1992/CBM 30/(36)}) 15. O-O O-O 16. Rfe1 {
[%cal Ge1e7] Dieser Zug ist viel stärker, als die Alternative 16.f4.} (16. f4
Nd7 17. Bd3 Nf6 18. Rae1 Qc5+ 19. Qf2 (19. Kh1 $5) 19... Qxf2+ 20. Kxf2 {
1/2-1/2 Hansen,C-Nielsen,P/Esbjerg 2000/CBM 78 (20)}) 16... Bf5 17. Qf4 (17.
Rac1 b6 18. Qf4 f6 19. Nf3 Bd7 20. Nxe5 fxe5 21. Qe3 c5 22. dxc6 Bxc6 23. c5 b5
24. Bd3 Qf7 25. a3 Rad8 26. f3 Rd4 27. Bc2 Kh8 28. Qxe5 Rg4 29. Qf5 Qxf5 30.
Bxf5 Ra4 31. Be4 {1-0 Rasmussen,K-Rozentalis,E/Linares 2002/CBM 87 ext (50)})
17... Qf6 (17... f6 18. Nf3 $14) 18. Nf3 Rfe8 (18... Nxf3+ 19. Bxf3 Rac8 20. g4
(20. Re5 Bd3 $132) 20... Bd3 21. Qxf6 gxf6 22. c5 $16) 19. Nh4 $1 $146 {
[%mdl 4] Das ist die weiße Verbesserung! Weiß greift den f5-Läufer an, wie im
Falle von 19.Nd4, aber der große Unterschied ist, dass im Falle von 19...Ng6
20.Qxf5 mit 20...Qxh4 die schwarze Dame weniger gut steht, wie im Falle von 19.
Nd4 und 20...Qxd4.} (19. Nd4 Ng6 20. Qd2 (20. Qxf5 Qxd4 21. Bf1 $14) 20... Rad8
21. Bf1 h6 22. Nxf5 Qxf5 23. Qa5 c6 24. Qxa7 cxd5 25. Qa5 Nf4 26. g3 Qg5 27. h4
Qg4 28. cxd5 $14 {1/2-1/2 Banas,J-Rigo,Z/Prievidza 1998/EXT 99 (48)}) 19... Ng6
(19... Bd7 20. Qxf6 gxf6 21. g3 $16) (19... Nd7 20. Nxf5 Rxe2 21. Rab1 $16) 20.
Qxf5 (20. Nxg6 $4 Rxe2 $1 21. Ne5 Bb1 $1 $19) 20... Qxh4 21. Bf1 $14 {[%csl
Gc4,Gd5,Gf5] Weiß hat einen kleinen Positionsvorteil - seine Dame steht aktiv
auf f5 und später kann er seine Bauern c4-d5 mobilisieren.} Qd4 (21... Rad8 22.
g3 $14) 22. Qd7 Rxe1 (22... Ne5 23. Qxc7 Qf4 24. Qc5 $16) 23. Rxe1 Qc5 24. h4
$1 {[%csl Gd7,Ge1][%cal Ge1e8] Weiß bringt neue Kraft ins Spiel. Schwarz hat
keine besonderen Schwächen, aber die weißen Schwerfiguren sind sehr aktiv.} Kf8
(24... Nxh4 25. Re7 Qd6 26. Qxc7 $18 (26. Qxd6 cxd6 27. Rxb7) (26. c5 Qxc5 27.
Rxf7 $18)) (24... Nf8 25. Qe7 $16) 25. Qf5 {[%csl Rg6][%cal Gf5h7,Rh4h5]} Kg8 (
25... h6 26. h5 Ne7 27. Qh7 $16) 26. h5 Nf8 27. Qg5 Qd6 (27... f6 28. Qg3 $16)
28. g3 $1 {[%cal Gf1h3,Gh3c8] Weiß bereitet den Zug Bh3 vor.} h6 29. Qe7 Nd7 (
29... Qxe7 30. Rxe7 $18) 30. Bh3 {[%csl Ge1,Ge7,Gh3][%mdl 2048]} Nc5 $2 (30...
Nf6 $142 31. Bf5 Rb8 $14) 31. Bf5 Rb8 32. Qe8+ $1 {Mit diesem Schach entfernt
Weiß die schwarze Dame von der Verteidigung des c7-Bauern.} Qf8 (32... Rxe8 33.
Rxe8+ Qf8 34. Bh7+ Kxh7 35. Rxf8 f6 36. Rf7 $18) 33. Qe7 $16 {[%csl Rc7]} Qxe7
(33... Na6 34. g4 $16) 34. Rxe7 Kf8 35. Rxc7 Na6 36. d6 $18 {[%csl Gc4,Gc7,Gd6,
Gf5] Das ist die Pointe des weißen Spiels - der c7R muss nicht weg gehen und
die weißen Bauern gewinnen die Partie.} (36. Rd7 Nc5 37. Rc7 (37. Rd6 $4 Ke7
$19) 37... Na6 38. d6 $18) (36. Rc8+ Rxc8 37. Bxc8 Nc5 $132 {[%cal Gf8e7,Ge7d6]
}) 36... Rd8 (36... Nxc7 37. dxc7 $18 {[%cal Rc7b8,Rc7c8]}) 37. c5 b6 38. c6
Nb8 (38... Rxd6 39. Rxa7 $18) 39. Be4 Rxd6 40. Rc8+ 1-0

[Event "Samba Cup 1st"]
[Site "Skanderborg"]
[Date "2003.10.18"]
[Round "8"]
[White "Sasikiran, Krishnan"]
[Black "Ivanchuk, Vassily"]
[Result "0-1"]
[WhiteElo "2679"]
[BlackElo "2710"]
[Annotator "Huzman,A"]
[PlyCount "68"]
[EventDate "2003.10.10"]
[EventType "tourn"]
[EventRounds "9"]
[EventCountry "DEN"]
[EventCategory "16"]
[SourceTitle "CBM 098"]
[Source "ChessBase"]
[SourceDate "2004.02.03"]
[SourceVersion "1"]
[SourceVersionDate "2004.02.03"]
[SourceQuality "1"]

1. Nf3 d5 2. d4 Nf6 3. c4 dxc4 4. e3 e6 5. Bxc4 c5 6. O-O a6 7. Bb3 b5 8. a4 b4
9. Nbd2 Bb7 10. e4 Be7 11. e5 (11. Bc2 cxd4 12. e5 Nfd7 13. Ne4 Nc6 14. Bf4 h6
15. Re1 Qa5 16. Nxd4 Ncxe5 17. Qh5 Qd5 $2 18. Rad1 $44 {1-0 Epishin,
V-Karpatchev,A/Bad Zwesten 2002/CBM 86 ext (29)}) (11. dxc5 O-O 12. Qc2 Nfd7
13. Bc4 Nxc5 14. b3 Nc6 15. Bb2 Qc7 16. Rac1 Rfd8 17. Rfe1 Rac8 18. Bf1 Na5 19.
Bd4 Qb8 20. Qb2 $11 {1/2-1/2 Barsov,A-Lautier,J/Bastia 2001/EXT 2002 (65)})
11... Nfd7 (11... Ne4 12. Nxe4 Bxe4 13. Qe2 Bb7 14. dxc5 Qc7 15. Be3 Nd7 16.
Rfc1 O-O 17. a5 Rfc8 $11 {0-1 Shumiakina,T-Skripchenko Lautier,A/Vrnjacka
Banja 1999/EXT 2000 (42)}) 12. Nc4 (12. Re1 O-O 13. Ne4 cxd4 14. Bf4 (14. Qd3
Nc6 15. Bc2 g6 16. Bf4 Qa5 $1 $15 17. Nd6 $2 Bxd6 18. exd6 Qd5 19. Rad1 e5 $19
{0-1 Vera,R-Karjakin,S/Benidorm ESP 2002/(28)}) 14... Nc5 15. Nxc5 Bxc5 16. Rc1
Nd7 17. Nxd4 Qh4 18. Be3 $8 Rad8 $2 (18... Rac8 $1 19. Rc4 (19. Nxe6 $2 Bxe3
20. Rxe3 fxe6 $19 {[%cal Yh4f2,Yf8f2]}) (19. f4 Rfd8 $36 {[%cal Yd8d1]}) 19...
Bd5 20. Nf5 Qd8 $17) 19. Rc4 $1 $36 {1-0 Zhu Chen-Krush,I/Shanghai 2002/CBM 91/
[Huzman] (46)}) 12... O-O 13. Bf4 {[%mdl 32] An interesting idea: White is
preparing to plant his N in "d6". Ivanchuk proved unable to cope with this new
challenge} (13. Bc2 cxd4 $1 (13... Nc6 14. dxc5 $6 (14. Qd3 $142 g6 15. Bh6 Re8
(15... cxd4 16. Bxf8 Bxf8 17. Rad1 Nc5 18. Qd2 b3 19. Bb1 Nxa4 $14 {1-0
Samraoui,A-Polaczek,R/IECG 2001/Telechess CBM 95 (54)}) 16. dxc5 (16. Nd6 $5
Bxd6 17. exd6 cxd4 18. Nxd4 Nce5 19. Qg3 Qb8 20. Rad1 $44) 16... Nxc5 17. Qxd8
Raxd8 18. b3 f6 $1 $15 {1/2-1/2 Illescas Cordoba,M-Karjakin,S/Dos Hermanas
2003/CBM 95/[Huzman] (42)}) 14... Nxc5 15. Nd6 b3 $1 16. Bb1 Qc7 $11 {0-1
Dreev,A-Ponomariov,R/Yerevan 2001/CBM 86/[Stohl] (62)}) 14. Nxd4 $1 (14. Bf4
Bd5 15. Qxd4 b3 16. Bxb3 Nc6 $44 {1-0 Sasikiran,K-Ganguly,S/Mumbai 2003/CBM 94
(52)}) 14... Bd5 (14... Qc7 15. Qd3 g6 16. Bf4 Nc6 17. Nf3 Rfd8 18. Qe3 Na5 19.
Nxa5 Qxa5 20. Ng5 Qc5 21. Qe2 Bxg5 22. Bxg5 Rdc8 23. Bb3 Qxe5 $17 {1/2-1/2
Ernst,S-Krush,I/Bermuda 2002/CBM 88 (71)}) 15. Ne3 $1 Nxe5 16. Qh5 $44 {
1-0,Dautov,R-Gurevich,D/FIDE-WCh Moscow/2001/ (25)}) (13. Nd6 Bxd6 14. exd6
cxd4 15. Bg5 $6 (15. Nxd4) 15... Bxf3 16. Qxf3 Qxg5 17. Qxa8 Nc5 18. Qf3 Nbd7
19. Rad1 Ne5 20. Qh3 Qf4 21. Rc1 (21. Bc2 $5) 21... Ne4 22. Bc2 d3 $1 23. Bxd3
Ng5 24. Bxh7+ Nxh7 25. Rfe1 Nd7 $15 {/=/+,1/2,Dreev,A-Ponomariov,R/EUCup
Panormo/2001/ (26)}) (13. Qe2 cxd4 14. Nxd4 Nc5 15. Rd1 Nxb3 16. Nxb3 Nd7 17.
Bf4 Bd5 18. Rac1 Rc8 $15 {1/2-1/2 Khurtsidze,N-Korbut,E/Budva 2002/EXT 2003 
(57)}) 13... Nc6 (13... cxd4 14. Nxd4 Nc5 15. Bc2 $1 Bxg2 $140 16. Kxg2 Qd5+
17. Qf3 Qxc4 18. Rfd1 Nbd7 19. Rac1 Qa2 20. Nc6 $18) 14. Bc2 Nxd4 15. Nxd4 cxd4
16. Qxd4 Qc7 17. Nd6 (17. Rac1 {/\18.Nd6} Qc6 18. Ne3 Bc5 19. Qd3 g6 20. Bb3 (
20. Qe2 Rac8 21. Rfd1 Bxe3 $1 22. fxe3 b3 23. Bxb3 Qxc1 24. Rxc1 Rxc1+ 25. Kf2
Nc5 $17) 20... Rac8 21. Rfd1 Rfd8 22. Qe2 $14 {Black is obviously suffering
from this Rc1-Qc6 opposition}) 17... Bxd6 18. Qd3 g6 19. exd6 Qc6 20. f3 Qc5+
21. Be3 Qe5 22. f4 (22. Qd4 $5 Qxd4 (22... Bd5 23. Be4 $1 Qxd6 $140 24. Bh6 $16
) (22... Rac8 23. Rfc1 Rfd8 24. Bd3 $14) 23. Bxd4 Rac8 24. Rfc1 Rc6 25. Be4
Rxd6 26. Bxb7 Rxd4 27. Bxa6 $16 {[%cal Ga4a8]}) 22... Qa5 23. Qd4 (23. Rac1 $5
Rfc8 24. Bb3 $16) 23... Rfc8 24. Rac1 Bd5 $132 25. Bd3 b3 $1 26. f5 $6 {
way too early...Now Black is getting a dangerous counterplay along the "g" file
} (26. Rfd1 $1 {[%cal Ge3f2,Gf2e1,Ge1c3,Gc3h8]} f6 (26... Rab8 27. Bf2 f6 28.
Be1 $16) 27. Bc4 $1 (27. Rxc8+ Rxc8 28. f5 gxf5 29. Bxf5 exf5 30. Qxd5+ Qxd5
31. Rxd5 Rc2 $132) 27... Kg7 (27... Rc5 28. Bxd5 Rxd5 29. Qc4 $16) 28. Bxd5
exd5 29. Bd2 $16) 26... gxf5 27. Qh4 f6 28. Qg3+ $2 (28. Rcd1 $5 {[%cal Gd3f5]}
Rc2 29. Bxc2 bxc2 30. Rd2 Be4 $44) 28... Kh8 29. Qe1 Qxa4 $17 30. Rc7 Ne5 31.
Qc3 Rg8 $40 32. Rf2 (32. g3 Qh4 $36) 32... Qh4 $2 (32... Bxg2 $1 33. Rxg2 Rxg2+
34. Kxg2 Qg4+ 35. Kf1 Qd1+ 36. Qe1 Qxd3+ 37. Qe2 Qxd6 $19) 33. g3 $4 (33. Be2
$8 Bxg2 $1 (33... Qe4 34. Bf1 $15) 34. Rxg2 Qe4 35. Bg5 $1 $18 fxg5 36. Rc5 {
[%cal Gc3h8]}) 33... Rxg3+ 34. Kf1 Qh3+ 0-1

[Event "EU-ch 5th"]
[Site "Antalya"]
[Date "2004.05.15"]
[Round "1"]
[White "Ivanchuk, Vassily"]
[Black "Radulski, Julian"]
[Result "0-1"]
[WhiteElo "2716"]
[BlackElo "2497"]
[Annotator "Wedberg,T"]
[PlyCount "58"]
[EventDate "2004.05.15"]
[EventType "swiss"]
[EventRounds "13"]
[EventCountry "TUR"]
[SourceTitle "CBM 101"]
[Source "ChessBase"]
[SourceDate "2004.07.27"]
[SourceVersion "1"]
[SourceVersionDate "2004.07.27"]
[SourceQuality "1"]

1. e4 e5 2. Nf3 Nc6 3. Bb5 a6 4. Ba4 Nf6 5. O-O Be7 6. Re1 b5 7. Bb3 d6 8. c3
Na5 9. Bc2 c5 10. d4 Qc7 11. d5 Bd7 12. b3 O-O 13. h3 Nb7 (13... c4 14. b4 Nb7
15. Be3 a5 16. a3 axb4 17. cxb4 c3 18. Bg5 h6 19. Bxf6 Bxf6 20. Re3 Rfc8 21.
Nxc3 $18 {1-0 Kasparov,G-Comp Meph Experimental/Hamburg 1985/EXT 2002 (55)})
14. c4 (14. Nbd2 g6 (14... a5 15. Nf1 a4 16. Bg5 h6 17. Bd2 axb3 18. axb3 Rfb8
19. g4 $40 {1-0 Kozlov,S-Pokazaniev,N/Smolensk 2001/EXT 2002 (48)}) 15. Nf1 Ne8
16. Bh6 Ng7 17. Ng3 f6 18. Nh2 Nd8 19. f4 Nf7 20. Bxg7 Kxg7 21. f5 $14 {
1-0 Livshits,R-Lesiege,A/Canada 1992/EXT 98 (53)}) (14. a4 Rfb8 15. Na3 Ne8 16.
Qe2 Nd8 $11 {1/2-1/2 Hracek,Z-Nikolic,P/Selfoss 2002/CBM 92 (24)}) (14. Be3 a5
15. Nbd2 b4 16. c4 a4 17. g4 axb3 18. axb3 Na5 19. Nf1 Ra7 20. g5 $40 {1-0
Berzina,I-Petrovich,I/Paris 1998/EXT 2000 (30)}) (14. c4 b4 15. Nbd2 Ne8 16.
Nf1 g6 17. Bh6 Ng7 18. g4 f6 19. Ng3 {1/2-1/2 Kasparov,G-Matanovic,A/Banja
Luka 1979/EXT 99 (19)}) (14. a4 Rfb8 15. Na3 Ne8 16. Qe2 Nd8 17. Bd2 g6 18. Nh2
f6 19. c4 bxa4 20. bxa4 Nf7 21. Ng4 Bf8 22. Bc3 Qd8 23. Ne3 Bh6 24. Nb1 {
1/2-1/2 Hracek,Z-Nikolic,P/Selfoss 2002/CBM 92 (24)}) 14... Rfe8 (14... b4 15.
Nbd2 Ne8 16. Nf1 g6 17. Bh6 Ng7 18. g4 f6 19. Ng3 {1/2-1/2 Kasparov,
G-Matanovic,A/Banja Luka 1979/EXT 99 (19)}) 15. Nc3 (15. Nbd2 {[%cal Yd2f1,
Yg2g4,Yf1g3] is more standard.}) 15... g6 16. Bd2 Bf8 17. g4 {White starts the
classical K-side attack, but in this game things develop in quite an unusual
fashion. As we will see the combination of Nc3 and g4 works against White here.
} h5 $1 {[%mdl 4]} 18. Nh2 (18. g5 Nh7 {looks drawish.}) 18... b4 $1 19. Na4 {
Without this N on the K-side White's expansion with g4 lacks punch.} hxg4 20.
hxg4 Be7 $1 21. Nb2 Kg7 $1 $15 {[%cal Ye8h8] Black is quick to seize his
chance. As it turns out he gets the benefit of the opened h-file. White is
worse already.} 22. Kg2 Rh8 23. Rh1 Rh4 24. f3 Rah8 25. Qe2 Qc8 26. Rag1 Qg8
27. Be1 (27. Kf1 Qh7 28. Rg2 {no fun, but maybe White can survive by just
protecting h2.}) 27... Rh3 28. Nd1 $2 (28. Kf1 $142) 28... Qh7 29. Bg3 Nxg4 $1
(29... Nxg4 30. fxg4 Rxg3+ 31. Kxg3 Qh3+ 32. Kf2 Bh4+ $19) 0-1

[Event "EU-ch 5th"]
[Site "Antalya"]
[Date "2004.05.17"]
[Round "3"]
[White "Ivanchuk, Vassily"]
[Black "Akesson, Ralf"]
[Result "1-0"]
[WhiteElo "2716"]
[BlackElo "2476"]
[Annotator "Ftacnik,L"]
[PlyCount "73"]
[EventDate "2004.05.15"]
[EventType "swiss"]
[EventRounds "13"]
[EventCountry "TUR"]
[SourceTitle "CBM 101"]
[Source "ChessBase"]
[SourceDate "2004.07.27"]
[SourceVersion "1"]
[SourceVersionDate "2004.07.27"]
[SourceQuality "1"]

1. d4 Nf6 2. c4 g6 3. f3 d5 4. cxd5 Nxd5 5. e4 Nb6 6. Nc3 Bg7 7. Be3 O-O 8. Qd2
e5 9. d5 c6 10. h4 h5 11. g4 $5 $146 {[%mdl 8] Already for some time this
variation was causing mistrust, since black has all the pieces on the
queenside while the danger is looming on the opposite side of the board.
Ivanchuk's novelty makes a healthy impression, the defender faces a tough
choice.} cxd5 (11... hxg4 12. h5 gxh5 13. Rxh5 cxd5 14. exd5 gxf3 15. Bh6 f2+
16. Qxf2 $16) 12. exd5 N8d7 (12... hxg4 13. h5 Bf5 14. Rd1 gxh5 15. Rxh5 Bg6
16. Rg5 gxf3 17. Nxf3 $16) 13. gxh5 Nf6 (13... gxh5 14. Rd1 Nf6 15. Bh6 Bf5 16.
Bxg7 Kxg7 17. Qg5+ Bg6 18. Nh3 $14) 14. hxg6 fxg6 15. Nh3 $5 {White is playing
with nonchalance and courageously sacrifices an important central pawn.
Akesson will be suffering by any continuation, so he can as well try to grab
some material.} (15. Rd1 Bf5 16. Bd3 Nh5 17. Nge2 $16) 15... Nfxd5 (15... Bf5
16. Ng5 Rc8 17. Rd1 $18) 16. Nxd5 (16. Bc5 Nxc3 17. Bxf8 Qxd2+ 18. Kxd2 Kxf8
19. bxc3 Bf5 20. Bd3 Rd8 21. Nf2 $14) 16... Qxd5 (16... Nxd5 17. Bc5 Rf7 18.
Rd1 Rd7 19. Ng5 $1 (19. Bc4 $2 Qxh4+ 20. Nf2 Qxc4 $19) 19... Nb6 20. Bd3 $18)
17. Qxd5+ Nxd5 18. Bc4 Be6 (18... Rd8 19. Rd1 Be6 20. Bxa7 $14) 19. Ng5 Nxe3 (
19... Rfe8 20. Nxe6 Nxe3 21. Bb3 Bh6 22. Kf2 $16) 20. Bxe6+ Kh8 21. Kf2 $1 {
Black has managed to simplify the position, but his king will not feel safe in
the corner.} Nf5 (21... Nc2 22. Rac1 Nd4 23. Bf7 Rad8 24. Bxg6 $16) 22. h5 Bh6
(22... gxh5 23. Rxh5+ Nh6 24. Rah1 Rf6 25. Nf7+ Kh7 26. Bf5+ Rxf5 27. Rxf5 $18)
23. hxg6 (23. Rag1 Kg7 24. Bxf5 Rxf5 25. Ne6+ Kf7 26. hxg6+ Kxe6 27. Rxh6 $18)
23... Kg7 24. Nf7 (24. Rag1 $5 Nd4 25. Bd5 $18) 24... Be3+ 25. Ke2 Ng3+ $6 {
Even the best players are falling apart under pressure, black will eliminate
the danger for the king at a high cost of too much material.} (25... Kxg6 26.
Nxe5+ (26. Bxf5+ Kxf5 27. Nxe5 Bd4 28. Rh5+ Ke6 29. Nc4 $16) 26... Kg5 27. Nf7+
Kf6 28. Bxf5 Rxf7 29. Be4 $16) 26. Kxe3 Nxh1 27. Rxh1 Kxg6 28. Nd6 Rf6 (28...
Rad8 29. Nxb7 $18) 29. Rg1+ Kh7 (29... Kh6 30. Ke4 Rxe6 31. Nf7+ Kh5 32. Kf5
$18) 30. Ne4 Rh6 (30... Rxe6 31. Ng5+ $18) 31. Rg4 Rh2 32. b4 Rf8 33. Bb3 Kh6
34. Nd6 Kh5 35. Re4 b6 36. Rxe5+ Kh4 37. Re7 1-0